| 000 | 00528nam a2200157 i 4500 | ||
|---|---|---|---|
| 001 | 38203 | ||
| 003 | ES-MaACL | ||
| 005 | 20230906155722.0 | ||
| 007 | t| | ||
| 008 | 030224s1958 sp ||||1| spa d | ||
| 100 | 1 |
_aCalatrava, Teófilo G. _933548 |
|
| 245 | 1 | 0 |
_aHabla el mar _b: suplemento... en el que se contestan... los temas del "Cuestionario Marítimo del Preuniversitario" / _cTeófilo G. Calatrava. |
| 260 |
_aMadrid : _bIberoamericanas, _c1958. |
||
| 300 |
_a52 p. ; _c21 cm. |
||
| 852 |
_aES-MaACL _j2011-F-15 _bR.43820 |
||
| 999 |
_c38203 _d38203 |
||